LEADER 01160nas a2200241 i 4500 001 000000137883 003 CaOOAMICUS 005 20050422000000.0 008 050422b2003 fr uu u0 0fre r 013 $a111741 040 $aSeMil$bita 245 10$aCatéchèse en mutation [parte] 1. :$bles actes du colloque de l'ISPC. 260 $aParis :$bCatéchèse,$c2003. 300 $a122 p. :$bill. ;$c21 cm. 500 $aTitolo dalla copertina. - Atti del : Colloque de l'ISPC, Paris, 12-15 février 2003. 700 1 $aColloque international de catéchèse «La catéchèse dans un monde en pleine mutation» <2003 ; Paris>.$0(OLS)http://semarc/name/55884 773 0 $tCatéchèse.$dParis : Centre National de l'Enseignement Religieux, 1961-2003.$x0576-9248$w()2087 774 0 $t[vedi periodico].$w()261154 850 $aSeMil 852 $aSeMil$W1$xVenegono$y1$m238 3 41$j91403$B91403$CSeMilBibl$Z2$F96391 $85 961 $aAbbonamento: Catéchèse 996 $6245$aCatéchèse en mutation [parte] 1. :$bles actes du colloque de l'ISPC$9(OLS)http://semarc/title/201484 996 $6260$aParis :$bCatéchèse$9(OLS)http://semarc/publisher/46629 LEADER 01143nam a2200301 i 4500 001 000000117987 003 CaOOAMICUS 005 20030916000000.0 008 030916s1999 gw u000 u ger u 013 $a90680 020 $a3-451-04885-X 040 $aSeMil$bita 100 1 $aGrün, Anselm,$c.$0(OLS)http://semarc/name/91193 245 10$aJeder Mensch hat einen Engel /$cAnselm Grün. 250 $a6. Aufl. 260 $aFreiburg ; Basel ; Wien :$bHerder,$c1999. 300 $a157 p. :$bill. ;$c19 cm. 490 0 $aHerder Spektrum ;$v4885 500 $aFondo Card. C.M. Martini. 650 4$aAngeli.$0(OLS)http://semarc/subject/5649 830 0$aHerder Spektrum ;$v4885.$0(OLS)http://semarc/title/10217 850 $aSeMil 852 $aSeMil$W1$xVenegono$y1$m3F III 265$j73319$B73319$CSeMilBibl$Z2$F101891 $81 941 1 $a4 961 $aOmaggio: Martini Card. Carlo Maria 996 $6020$a3-451-04885-X$9(OLS)http://semarc/number/102485 996 $6245$aJeder Mensch hat einen Engel$9(OLS)http://semarc/title/173273 996 $6260$aFreiburg ; Basel ; Wien :$bHerder$9(OLS)http://semarc/publisher/29643